Singers by their song - Statistics

General Stats
  • This quiz has been taken 71 times
  • The average score is 5 of 15
Answer Stats
song singer % Correct
The scientist Coldplay
63%
I miss you, im sorry Gracie Abrams
60%
Fine Line Harry styles
56%
COPYCAT Billie Eilish
53%
pretty isn't pretty Olivia rodrigo
47%
Your Song Elton John
39%
My name is Eminem
35%
The night we met Lord huron
35%
Call your mom Noah Kahan
35%
Budapest George Ezra
23%
Hot N Cold Katy Pery
16%
Pretty Slowly Benson Boone
14%
Best Of You Foo fighters
14%
Living Legend Lana Del Rey
14%
Make you mine PUBLIC
7%
No matching quizzes found
Score Distribution
Percent of People with Each Score
Percentile by Number Answered
Your Score History
You have not taken this quiz